Perspectivas del comercio internacional de América Latina y el Caribe. Cambios estructurales y tendencias en el comercio mundial y regional: retos y oportunidades.
שמור ב:
| מחבר תאגידי: | |
|---|---|
| פורמט: | ספר |
| יצא לאור: |
Santiago, Chile:
Naciones Unidas,
2023.
|
| נושאים: | |
| גישה מקוונת: | Disponible Online - CEPAL |
| תגים: |
הוספת תג
אין תגיות, היה/י הראשונ/ה לתייג את הרשומה!
|
MARC
| LEADER | 00000nam a22000007a 4500 | ||
|---|---|---|---|
| 003 | CL-VaPUC | ||
| 005 | 20240311154946.0 | ||
| 008 | 240104t2023 ||||| |||| 00| 0 eng d | ||
| 999 | |c 442855 |d 442853 | ||
| 020 | |a 978-92-1-122129-9 | ||
| 040 | |c Pontificia Universidad Católica de Valparaíso | ||
| 082 | 7 | |a 338.98 NACp 2023 |2 22 | |
| 110 | 1 | |a Naciones Unidas. |b Comisión Económica para América Latina y el Caribe. |4 autor |9 869909 | |
| 245 | 1 | 0 | |a Perspectivas del comercio internacional de América Latina y el Caribe. |b Cambios estructurales y tendencias en el comercio mundial y regional: retos y oportunidades. |
| 260 | |a Santiago, Chile: |b Naciones Unidas, |c 2023. | ||
| 300 | |a 177 páginas. | ||
| 500 | |a c.1 Donación Cepal. Enero 2024. | ||
| 583 | |c 20220527 |k Catalogador Asistente | ||
| 650 | 0 | |a Comercio internacional |9 871977 |z América Latina |z El Caribe | |
| 650 | 0 | |a Comercio mundial |v Retos y oportunidades |9 887000 | |
| 856 | |u https://www.cepal.org/es/publicaciones/68663-perspectivas-comercio-internacional-america-latina-caribe-2023-cambios |y Disponible Online - CEPAL | ||
| 942 | |2 ddc |c BK | ||
| 952 | |0 0 |1 0 |2 ddc |4 0 |6 338_980000000000000_NACP_2023 |7 0 |8 A |9 593133 |a BIBENE |b BIBENE |c GEN |d 2024-01-04 |e Donación |i 5659965 |o 338.98 NACp 2023 |p 5659965 |r 2025-01-15 |t 1 |w 2024-01-04 |y BK |k ICO | ||